000 00758nas a2200229 4500
001 BR0201973
003 BR-BrBNA
005 20231205102955.0
007 ta
008 230509b bl.|||p| |||| 00| 00por d
040 _aBR-BrBNA
_bpor
_cBiblioteca Nacional de Agricultura
041 _a(Pt)
072 _aH10
100 1 _aFerronato, E.M.O.
245 1 _aA cápsula da espermateca dos Eumolpinae (Coleoptera: Chrysomelidae)associados a Theobroma cacao L. (Sterculiaceae)do sul da Bahia
650 _aCACAU
650 _aCOLEOPTERO
650 _aBIOLOGIA
773 0 _tAnais da Sociedade Entomológica do Brasil (Brazil)
_xISSN 0301-8059
_g(Mar 2000), v. 29(1) p. 57-63
_wBR0201973
909 _a202311
_bLúcia
_c55
_dLúcia Elande
942 _2AGRIS
_n0
_cANA
999 _c170351
_d170351